Name Star Wars characters Quiz Stats

Quiz not verified by Sporcle

Challenge
Share
Tweet
Embed
Score 0/20 Timer 10:00
0 Plays Today
% Correct
Obi Wan Kenobi
75%
Yoda
75%
Anakin Skywalker
70.8%
R2D2
62.5%
C3PO
62.5%
Han Solo
58.3%
Mace Windu
54.2%
Padme Amidala
50%
Qui Gon Jinn
50%
Princess Leia
50%
% Correct
Darth Maul
45.8%
Chewbacca
41.7%
Jar Jar Binks
33.3%
Count Dooku
33.3%
Darth Sidious
33.3%
General Grievous
29.2%
Ki Adi Mundi
25%
Aayla Secura
16.7%
Bossk
12.5%
Commander Cody
12.5%

You're not logged in!

Compare scores with friends on all Sporcle quizzes.
Sign Up with Email
OR
Log In

You Might Also Like...

Show Comments

Extras

Top Quizzes Today


Score Distribution

Your Account Isn't Verified!

In order to create a playlist on Sporcle, you need to verify the email address you used during registration. Go to your Sporcle Settings to finish the process.